| 000 | 02519cam a22005294i 4500 | ||
|---|---|---|---|
| 003 | PE-LiUPU | ||
| 005 | 20250731173256.0 | ||
| 008 | 150625s1996 caua r 000 0 spa d | ||
| 020 | _a0937958492 | ||
| 035 | _a(Sirsi) i9780937958490 | ||
| 040 |
_aPE-LiUPU _bspa _cPE-LiUPU _erda |
||
| 049 | _aPRUA | ||
| 082 | 0 | 4 |
_a231.7 _bH97 _221 |
| 100 | 1 |
_aHuse, Scott M., _eautor. |
|
| 245 | 1 | 3 |
_aEl colapso de la evolución / _cScott M. Huse. |
| 264 | 1 |
_aOntario, CA : _bChick Publications, _c1996. |
|
| 300 |
_a208 páginas : _bilustraciones ; _c20 centímetros |
||
| 336 |
_atext _2rdacontent |
||
| 337 |
_aunmediated _2rdamedia |
||
| 338 |
_avolume _2rdacarrier |
||
| 505 | 0 | _aBiología -- Geología -- Astronomía -- Física -- Matemáticas -- Arqueología -- Antropología -- " Pruebas" de la evolución comúnmente mencionadas -- Científicos que creen en el creacionismo biblíco -- Consideraciones biblícas -- Comentarios finales. | |
| 526 | _aSEG42 | ||
| 526 | _aSEG41 | ||
| 526 | _aSEG40 | ||
| 526 | _aSEG39 | ||
| 526 | _aP94 | ||
| 526 | _aP87 | ||
| 526 | _aP86 | ||
| 526 | _aP85 | ||
| 526 | _aP77 | ||
| 526 | _aP76 | ||
| 526 | _aP35 | ||
| 541 | _g001-0000464; | ||
| 541 | _g0001403; | ||
| 541 | _g001-0014804; | ||
| 650 | 0 | 4 | _aCreacionismo. |
| 650 | 0 | 4 | _aEvolucionismo. |
| 942 |
_2ddc _cBOOK |
||
| 949 |
_a231.7 H97 _wDEWEY _c1 _i55091 _d2016-10-19 _e2016-10-11 _lCCODEBUL1 _mBUL _n1 _p12.00 _r0 _sY _tBOOK _u2015-6-25 _xTEOLOGIA _zUNKNOWN _0COMPRA _o.STAFF. Colección Teología |
||
| 949 |
_a231.7 H97 _wDEWEY _c2 _i55780 _lCCODEBUL1 _mBUL _p3.00 _r0 _sY _tBOOK _u2015-6-25 _xTEOLOGIA _zUNKNOWN _0COMPRA _o.STAFF. Colección Teología |
||
| 949 |
_a231.7 H97 _wDEWEY _c3 _i60652 _lCCODEBUL1 _mBUL _r0 _sY _tBOOK _u2015-6-25 _xTEOLOGIA _PP35 _0COMPRA _o.STAFF. Colección Teología |
||
| 994 |
_aC0 _bPEPRU |
||
| 596 | _a1 | ||
| 999 |
_a231.7 H97 _wDEWEY _c43708 _i55091 _d43708 _e2017-9-21 _f2021-11-9 _g5 _lCCODEBUL1 _mBUL _n2 _p12.00 _r0 _sY _tBOOK _u2015-6-25 _xTEOLOGIA _PP35 _0COMPRA _o.STAFF. Colección Teología |
||
| 999 |
_a231.7 H97 _wDEWEY _c2 _i55780 _f2021-11-9 _g5 _lCCODEBUL1 _mBUL _p3.00 _r0 _sY _tBOOK _u2015-6-25 _xTEOLOGIA _PP35 _0COMPRA _o.STAFF. Colección Teología |
||
| 999 |
_a231.7 H97 _wDEWEY _c3 _i60652 _d2019-4-1 _e2019-4-1 _f2021-11-9 _g6 _lCCODEBUL1 _mBUL _n1 _p3.00 _r0 _sY _tBOOK _u2015-6-25 _xTEOLOGIA _PP35 _0COMPRA _o.STAFF. Colección Teología |
||
| 980 |
_81 _gALBERTO SANCHEZ Responsable de Automatización |
||